000 00382nam a2200121Ia 4500
008 220616s9999||||xx |||||||||||||| ||und||
100 _aQing Shi (Ed)||Toshio Fukuda (Ed.)||Fei Chen (Ed.)
245 0 _aBio-Inspired Robotics
546 _aEnglish[eng]
650 _aRobots and Mechatronics||Bio-inspired Robots
856 _uhttps://www.mdpi.com/books/pdfview/book/852
942 _cEB
999 _c19878
_d19878